MARC details
| 000 -CABECERA |
| campo de control de longitud fija |
01639nam a2200205 a 4500 |
| 001 - NÚMERO DE CONTROL |
| campo de control |
000035731 |
| 005 - FECHA Y HORA DE LA ÚLTIMA TRANSACCIÓN |
| campo de control |
20200930074552.0 |
| 008 - DATOS DE LONGITUD FIJA--INFORMACIÓN GENERAL |
| campo de control de longitud fija |
111109s1992 ve 000 0 spa d |
| 020 ## - NÚMERO INTERNACIONAL ESTÁNDAR DEL LIBRO |
| Número Internacional Estándar del Libro |
9802214884 |
| 040 ## - FUENTE DE LA CATALOGACIÓN |
| Centro catalogador/agencia de origen |
DO-SdBNP |
| Lengua de catalogación |
spa |
| Centro/agencia transcriptor |
BNPHU |
| 049 ## - FONDOS LOCALES (OCLC) |
| Fondos de biblioteca |
BNPD |
| 245 00 - MENCIÓN DE TÍTULO |
| Título |
José Martí en Venezuela y nuestra América / |
| Mención de responsabilidad, etc. |
compilador Alberto Rodríguez Carucci. |
| 260 ## - PUBLICACIÓN, DISTRIBUCIÓN, ETC. |
| Lugar de publicación, distribución, etc. |
Mérida, Venezuela : |
| Nombre del editor, distribuidor, etc. |
Universidad de los Andes, Cátedra Latinoamericana "José Martí |
| -- |
Dirección General de Cultura y Extensión : |
| -- |
Instituto de Investigaciones Literarias "Gonzalo Picón Febres", |
| Fecha de publicación, distribución, etc. |
1992. |
| 300 ## - DESCRIPCIÓN FÍSICA |
| Extensión |
127 p. : |
| Otras características físicas |
il. ; |
| Dimensiones |
23 cm. |
| 500 ## - NOTA GENERAL |
| Nota general |
Entre el 14 y el 16 de marzo de 1991 se llevó a cabo en Mérida el I Encuentro de Cátedras "José Martí de Venezuela, organizado por la Cátedra Latinoamericana "José Martíde la Universidad de los Andes"--P. 5. |
| 520 ## - SUMARIO, ETC. |
| Sumario, etc. |
Resultado del Primer Encuentro de Cátedras José Martí de Venezuela (1991). La mayoría de los trabajos versan sobre el ensayo 'Nuestra América', que Martí publicó en 1891. Varios son expresiones de opiniones políticas. 'Discurso Reflexivo y Discurso Literario en 'Nuestra América' de José Martí', tal vez sea uno de los que tiene más intención de estudio. El volumen también recuerda la fundación, por parte de Martí, de la Revista Venezolana, en 1881, cuando se encontraba en Venezuela"--Handbook of Latin American Studies, v. 58. |u http://www.loc.gov/hlas/ |
| 504 ## - NOTA DE BIBLIOGRAFÍA, ETC. |
| Nota de bibliografía, etc. |
Bibliografía : p. 127 |
| 700 12 - PUNTO DE ACCESO ADICIONAL--NOMBRE DE PERSONA |
| Nombre de persona |
Rodríguez Carucci, Alberto |
| Término indicativo de función/relación |
comp. |
| 9 (RLIN) |
61669 |
| 710 2# - PUNTO DE ACCESO ADICIONAL--NOMBRE DE ENTIDAD CORPORATIVA |
| Nombre de entidad corporativa o nombre de jurisdicción como elemento de entrada |
Universidad de los Andes (Mérida, Venezuela). |
| Unidad subordinada |
Cátedra Latinoamericana "José Martí |
| 9 (RLIN) |
61670 |